| 000 | 00763nam a2200229 a 4500 | ||
|---|---|---|---|
| 005 | 20240925065150.0 | ||
| 008 | 030820s2001 mx r 000 0 spa d | ||
| 020 | _a843681360X | ||
| 035 | _aUPN01000128020 | ||
| 049 | _aCG | ||
| 050 | 4 |
_aBF481 _bT7.3 |
|
| 245 | 0 | 0 |
_aTrabajo, individuo y sociedad : _bperspectivas psicosociológicas sobre el futuro del trabajo / _ccoord. Esteban Agulló Tomás, Anastacio Ovejero Bernal. |
| 260 |
_aMadrid : _bPirámide, _c2001. |
||
| 300 | _a201 p. | ||
| 440 | 0 | _aPsicología | |
| 650 | 2 |
_aTrabajo _xAspectos psicológicos _99033 |
|
| 650 | 4 |
_aTRABAJO - _xASPECTOS SOCIALES _99038 |
|
| 650 | 4 |
_aPsicología social _95889 |
|
| 700 | 1 |
_aAgulló Tomás, Esteban, _ecoord. |
|
| 905 | _aLibro | ||
| 999 |
_c100199 _d100199 |
||